| 000 | 01324cam a22003617a 4500 | ||
|---|---|---|---|
| 003 | CHAP | ||
| 005 | 20220329142044.0 | ||
| 008 | 990503d1999 mx r 00110 spa d | ||
| 010 | _a77727 | ||
| 011 | _a78699 | ||
| 035 | _a88716 | ||
| 040 | _cCHAP | ||
| 090 | _aTesis | ||
| 100 | 0 | 0 |
_aLoera García, Guillermo. _967444 |
| 245 | 1 | 0 |
_aOptimización de la relación beneficio costo de un sistema agroforestal : _bprecios aleatorios, distintos escenarios y externalidades _c/por Guillermo Loera García |
| 260 |
_aChapingo, Méx. : _bEl autor, _c1999. |
||
| 300 |
_a92 h. : _bcuadros |
||
| 502 | _aTesis (M.C. en Ciencias Forestales) -- UACH. División de Ciencias Forestales | ||
| 590 |
_aALEPH _b10 _c20130110 _lUCH01 _h1429 |
||
| 590 |
_aBATCH-UPD _b10 _c20130110 _lUCH01 _h0830 |
||
| 590 |
_aBATCH-UPD _b10 _c20130410 _lUCH01 _h0508 |
||
| 590 |
_aBATCH-UPD _b10 _c20130913 _lUCH01 _h2209 |
||
| 590 |
_aCONVERSION _b10 _c20130109 _lUCH01 _h1343 |
||
| 650 | 1 | 4 |
_aAgroforestería. _92156 |
| 650 | 1 | 4 |
_aAnalisis de costos y beneficio. _95966 |
| 650 | 1 | 4 |
_aPrecios. _991344 |
| 901 | _aBK | ||
| 905 | _aAlejandra Carrasco M. | ||
| 942 | _cFOLL | ||
| 949 |
_bBC _cTES _d33724000714770 _eTS2 _fc.2 _h33931 _i88716 _sb |
||
| 949 |
_bBC _cTES _d33724000762332 _eTS2 _fc.3 _h35794 _i88716 _si |
||
| 949 |
_bBC _cTES _d887161 _eTS1 _h33930 _i88716 _sb |
||
| 999 |
_c77727 _d77727 |
||